المرشد السليم فى المنطق الحديث والقديم

Bibliographic Details
Main Author: حجازي, عوض الله جاد (Author)
Format: Book
Published: Qahirah : Dar al-Tiba`at al-Muhammadiyah , 1964
Subjects:

MARC

LEADER 00000cam a2200000 7i4500
001 0000005626
005 20031202093000.0
008 021119s1964
090 0 0 |a BC50   |b .H54 
100 0 |a حجازي, عوض الله جاد ,   |e author 
245 1 2 |a المرشد السليم فى المنطق الحديث والقديم   |c عوض الله جاد حجازي 
260 2 |a Qahirah :   |b Dar al-Tiba`at al-Muhammadiyah ,   |c 1964 
300 |a 256 p. ;   |c 23 cm. 
650 0 |a Logic 
999 |a 1000044759   |b Book   |c OPEN SHELF (30 DAYS)   |e Gong Badak Campus 
999 |a 1000044760   |b Book   |c OPEN SHELF (30 DAYS)   |e Gong Badak Campus 
999 |a 1000044761   |b Book   |c OPEN SHELF (30 DAYS)   |e Gong Badak Campus 
999 |a 1000044762   |b Book   |c OPEN SHELF (30 DAYS)   |e Gong Badak Campus 
999 |a 1000044763   |b Book   |c OPEN SHELF (30 DAYS)   |e Gong Badak Campus